Sudden Death - Kylie Minogue Songs - Statistics

General Stats
  • This quiz has been taken 50 times
    25 since last reset
  • The average score is 12 of 16
Answers on the Grid
Answers color-coded by a green-red scale on the quiz's grid according to % correct below.
Can't Get You Out of My Head
Hung Up
Padam Padam
Nothing Can Divide Us
Never Gonna Give You Up
I Should Be So Lucky
Tears On My Pillow
Locomotive
Better the Devil You Know
Shelby 68
Ten Good Reasons
Suddenly
Spinning Around
Last Night I Dreamt I Fell in Love
Where the Wild Roses Grow
Blame it on the Boogie
When Will I Be Famous
Edge of Saturday Night
Wow
Candy
Kids
All The Lovers
Love at First Sight
Chocolate
I Need You Tonight
Golden Hot Pants
Everything I Do
These Words
Golden
Happening All Over Again
 
Answer Stats
Answer % Correct
Can't Get You Out of My Head
100%
I Should Be So Lucky
100%
Padam Padam
100%
Better the Devil You Know
89%
Spinning Around
83%
All The Lovers
78%
Golden
72%
Last Night I Dreamt I Fell in Love
72%
Love at First Sight
72%
Tears On My Pillow
72%
Where the Wild Roses Grow
72%
Chocolate
67%
Kids
67%
Wow
61%
Edge of Saturday Night
56%
Shelby 68
56%
No matching quizzes found
Score Distribution
Percent of People with Each Score
Percentile by Number Answered
Your Score History
You have not taken this quiz since the last reset